Classifica Marcatori Serie A 2000-2001 - Statistics

Statistiche generali
  • Questo quiz è stato fatto 90 volte
  • Il punteggio medio è 12 su 19
Statistiche sulle risposte
Gol Nazione Squadra Calciatore % Corretto
24 Ucraina Milan Andrij Ševčenko
97%
18 Italia Inter Christian Vieri
96%
13 Italia Roma Francesco Totti
96%
20 Argentina Roma Gabriel Omar Batistuta
96%
14 Francia Juventus David Trezeguet
94%
10 Italia Brescia Roberto Baggio
94%
26 Argentina Lazio Hernán Crespo
92%
13 Italia Roma Vincenzo Montella
79%
16 Italia Bologna Giuseppe Signori
68%
17 Italia Brescia Dario Hübner
60%
11 Italia Juventus Filippo Inzaghi
60%
15 Italia Parma Marco Di Vaio
60%
22 Italia Fiorentina Enrico Chiesa
53%
10 Italia Napoli Nicola Amoruso
30%
12 Italia Lecce Cristiano Lucarelli
29%
12 Italia Perugia Marco Materazzi
26%
15 Argentina Udinese Roberto Sosa
17%
11 Croazia Lecce Davor Vugrinec
13%
10 Italia Atalanta Nicola Ventola
13%
Nessun quiz corrispondente trovato
Distribuzione punteggi
Percentuale di utenti per punteggio
Percentile per numero di risposta
I tuoi punteggi nel tempo
Non hai fatto questo quiz